00918nam a22001937a 450000500170000000800410001702000180005804000070007604100120008308200180009510000210011324500340013426000390016830000260020736500600023352003900029365000180068370000230070120240920093602.0240920b ||||| |||| 00| 0 eng d a9789359964829 cAL aEnglish 223a920bPATT aShivaraj V Patil aTime Spent Distance Travelled aBengalurubSparsh Foundationc2024 a407 p.bHBc22x15 cm. aBLCR-000030b₹640.00c₹d₹800.00e20%f11-09-2024 aThe distinction of a Judge's life is defined by the justice of his judgements. Thus evaluated, the life of Justice Shivraj Patil has been an unending pursuit of justice based on truth, enriched by compassion and embellished by his unquestioned personal and intellectual integrity. His work and visage on the Bench reflected all of these. Justice Patil's autobiography “Time Spent,... aAutobiography aPATIL (Shivaraj V)